Normal view
MARC view
Entry Personal Name
001 - CONTROL NUMBER
- control field: 32588
003 - CONTROL NUMBER IDENTIFIER
- control field: OSt
005 - DATE AND TIME OF LATEST TRANSACTION
- control field: 20160115141559.0
008 - FIXED-LENGTH DATA ELEMENTS
- fixed length control field: 160115|| aca||aabn | a|a d
040 ## - CATALOGING SOURCE
- Original cataloging agency: OSt
- Transcribing agency: OSt
100 ## - HEADING--PERSONAL NAME
- Personal name: M.Chowdhury,Bazlul
670 ## - SOURCE DATA FOUND
- Source citation: Work cat.: (OSt): M.Chowdhury,Bazlul , Class and Social Structure of Bangladesh, 2009









